Catálogo
 En Linea

Mis dos Eugenio. (Registro nro. 20193)

Detalles MARC
000 -CABECERA
campo de control de longitud fija 00890nam a2200265 a 4500
001 - NÚMERO DE CONTROL
campo de control 000020689
003 - IDENTIFICADOR DEL NÚMERO DE CONTROL
campo de control OSt
005 - FECHA Y HORA DE LA ÚLTIMA TRANSACCIÓN
campo de control 20200930011139.0
008 - DATOS DE LONGITUD FIJA--INFORMACIÓN GENERAL
campo de control de longitud fija 100812s2018 dr c 000 0 spa
020 ## - NÚMERO INTERNACIONAL ESTÁNDAR DEL LIBRO
Número Internacional Estándar del Libro 9789945908831
040 ## - FUENTE DE LA CATALOGACIÓN
Centro catalogador/agencia de origen DO-SdBNP
Lengua de catalogación spa
Centro/agencia transcriptor BNPHU
082 ## - NÚMERO DE LA CLASIFICACIÓN DECIMAL DEWEY
Número de documento/Ítem P433m
100 1# - ENTRADA PRINCIPAL--NOMBRE DE PERSONA
Nombre de persona Perdomo, Giannella
9 (RLIN) 43437
Fechas asociadas al nombre 1942-
245 10 - MENCIÓN DE TÍTULO
Título Mis dos Eugenio.
Mención de responsabilidad, etc. Giannella Perdomo ; prólogo Minou Tavárez Mirabal
260 ## - PUBLICACIÓN, DISTRIBUCIÓN, ETC.
Lugar de publicación, distribución, etc. Santo Domingo,
Fecha de publicación, distribución, etc. 2018.
Nombre del editor, distribuidor, etc. Archivo General de la Nación
300 ## - DESCRIPCIÓN FÍSICA
Extensión 199 p
Otras características físicas retrs.
Dimensiones 24 cm.
490 ## - MENCIÓN DE SERIE
Mención de serie Archivo General de la Nación ;
Designación de volumen o secuencia 317 ;
500 ## - NOTA GENERAL
Nota general Incluye datos biográficos de la autora en la solapa de la portada
500 ## - NOTA GENERAL
Nota general Incluye índice onomástico
590 ## - NOTA LOCAL (RLIN)
Nota local Inventariado, 2020/YL
700 12 - PUNTO DE ACCESO ADICIONAL--NOMBRE DE PERSONA
Nombre de persona Tavárez Mirabal, Minou
Término indicativo de función/relación prol.
9 (RLIN) 61915
830 ## - PUNTO DE ACCESO ADICIONAL DE SERIE-TÍTULO UNIFORME
Título uniforme Archivo General de la Nación
Lenguaje de la obra 317
9 (RLIN) 76576
942 ## - ELEMENTOS DE PUNTO DE ACCESO ADICIONAL (KOHA)
Fuente del sistema de clasificación o colocación Dewey Decimal Classification
Tipo de ítem Koha Libros y folletos
956 ## - LOCALIZACIÓN Y ACCESO ELECTRÓNICOS LOCAL (OCLC)
Nombre del host YLOCKWARD
Existencias
Estado de retiro Estado de pérdida Fuente del sistema de clasificación o colocación Restricciones de uso No para préstamo Código de colección Localización permanente Ubicación/localización actual Ubicación en estantería Fecha de adquisición Fuente de adquisición Número de inventario Total de préstamos Signatura topográfica completa Código de barras Fecha visto por última vez Coste, precio de reemplazo Precio válido a partir de Tipo de ítem Koha Número de copia
    Dewey Decimal Classification     Monografías: Libros y Folletos Patrimonio Dominicano Patrimonio Dominicano En catalogación 17.03.2020 Editora Centenario LF1   20689-10 25.06.2020 0.00 25.06.2020 Libros y folletos  
    Dewey Decimal Classification   Préstamo restrigido Monografías: Libros y Folletos Patrimonio Dominicano Patrimonio Dominicano En catalogación 17.03.2020 Editora Centenario LF1   20689-20 25.06.2020   25.06.2020 Libros y folletos e. 2

Con tecnología Koha